| 000 | 01467nam a2200229Ia 4500 | ||
|---|---|---|---|
| 003 | Ost | ||
| 005 | 20260507075733.0 | ||
| 008 | 260507s9999||||xx |||||||||||||| ||und|| | ||
| 020 | _a9776102092 | ||
| 040 | _cfsecg | ||
| 041 | _aara | ||
| 082 | _a1.6404 | ||
| 100 |
_aالعدوى، محمد إبراهيم _eمؤلف |
||
| 245 | 0 |
_aالتقابل مع الحاسب / _c محمد إبراهيم العدوى |
|
| 260 |
_aالقاهرة: _bدار طيبة للنشر, _c2004 |
||
| 300 |
_a260 صفحة؛ _bإيضاحات ؛ _c24 سم |
||
| 504 | _aالقاموس ص.253 | ||
| 520 | _aالتركيب الهيكلي للحاسب،المبارات القياسية،ماذا بداخل هذا الصندوق،طرق التقابل مع الحاسب،اختبار كارت المواجهة،إدخال وإخراج الإنشارات الرقمية،البوابات القابلة للبرمجة،عزل مداخل ومخارج الحاسب،موتور الخطوة،مبدلات الطاقة(الحساسات)التحويل من رقمي إلى انسيابي والعكس،المخارج المتوازية،المؤقت القابل للبرمجة،المواجهة على التوالي،بوابات الألعاب ولوحة المفاتيح،الشاشات،المقاطعة،المسار المتوالي العام | ||
| 653 | _aاختزان واسترجاع المعلومات | ||
| 653 | _aالحاسبات الالكترونية | ||
| 942 | _cكتاب | ||
| 999 |
_c46054 _d46054 |
||